[Event "Muensterland Verbandsklasse 2526"]
[Site "Germany"]
[Date "2025.09.13"]
[Round "1"]
[Board "4"]
[White "Dieckmann, Werner"]
[Black "Beutelhoff, Josef"]
[Result "0-1"]
[WhiteElo "1740"]
[BlackElo "1820"]
[WhiteFideId "-1"]
[BlackFideId "-1"]
[PlyCount "50"]
[GameId "2095107319190735"]
[EventDate "2025.??.??"]
[EventType "team-tourn"]
[EventRounds "9"]
[EventCountry "GER"]
[SourceTitle "Verband Muensterland"]
[SourceDate "2026.01.17"]
[SourceVersion "1"]
[SourceVersionDate "2026.01.17"]
[SourceQuality "1"]
[WhiteTeam "Telgte"]
[BlackTeam "Olfen"]
[WhiteTeamCountry "GER"]
[BlackTeamCountry "GER"]

1. Nf3 Nf6 2. c4 e6 3. Nc3 d5 4. e3 c6 5. d4 Nbd7 6. Bd2 a6 7. a3 dxc4 8. Bxc4 b5 9. Be2 c5 10. O-O Bb7 11. dxc5 Bxc5 12. Qc2 Rc8 13. Rfd1 Qe7 14. Rac1 O-O 15. Ng5 h6 16. Bf3 Ne5 17. Bxb7 Qxb7 18. Nge4 Be7 19. Nxf6+ Bxf6 20. Qb1 Nc4 21. Ne4 Bxb2 22. Rxc4 bxc4 23. Bb4 Rfd8 24. Nd6 Rxd6 25. Rxd6 Bxa3 0-1

[Event "Muensterland Verbandsklasse 2526"]
[Site "Germany"]
[Date "2025.09.13"]
[Round "1"]
[Board "5"]
[White "Boenigk, Winfried"]
[Black "Stepa, Rainer"]
[Result "1-0"]
[WhiteElo "1750"]
[BlackElo "1737"]
[WhiteFideId "-1"]
[BlackFideId "-1"]
[PlyCount "107"]
[GameId "2095107403830488"]
[EventDate "2025.??.??"]
[EventType "team-tourn"]
[EventRounds "9"]
[EventCountry "GER"]
[SourceTitle "Verband Muensterland"]
[SourceDate "2026.01.17"]
[SourceVersion "1"]
[SourceVersionDate "2026.01.17"]
[SourceQuality "1"]
[WhiteTeam "Olfen"]
[BlackTeam "Telgte"]
[WhiteTeamCountry "GER"]
[BlackTeamCountry "GER"]

1. d4 d5 2. c4 c6 3. Nf3 Nd7 4. Nc3 e6 5. e3 b6 6. cxd5 cxd5 7. Bd3 Ngf6 8. O-O Be7 9. a3 O-O 10. b4 Bb7 11. Bb2 Ne4 12. Rc1 Nxc3 13. Rxc3 Rc8 14. Qc2 Nf6 15. Rc1 Rxc3 16. Qxc3 Bd6 17. Ne5 Bxe5 18. dxe5 Ne8 19. Qc2 g6 20. Bd4 Qe7 21. Qa4 Ba8 22. Rc8 Nc7 23. Rxf8+ Kxf8 24. Qxa7 Bc6 25. Qxb6 Qd7 26. Bc5+ Ke8 27. Bd6 Na8 28. Qb8+ Qd8 29. Qa7 Qd7 30. Qc5 Qb7 31. b5 Bd7 32. Bf8 Kd8 33. Be7+ Ke8 34. Bf6 Bc8 35. a4 Qc7 36. Qxc7 Nxc7 37. b6 Na6 38. Bb5+ Kf8 39. Kf1 Nb8 40. Ke1 Ba6 41. Bxa6 Nxa6 42. Kd2 Ke8 43. Kd3 Kd7 44. Kd4 Kc6 45. Bd8 Nc5 46. f3 Nxa4 47. e4 dxe4 48. Kxe4 Nxb6 49. Bxb6 Kxb6 50. g4 Kc5 51. h4 h6 52. f4 g5 53. fxg5 hxg5 54. h5 1-0

[Event "Muensterland Verbandsklasse 2526"]
[Site "Germany"]
[Date "2025.09.13"]
[Round "1"]
[Board "6"]
[White "Rex, Dieter"]
[Black "Breuer, Bernd"]
[Result "0-1"]
[WhiteElo "1643"]
[BlackElo "1764"]
[WhiteFideId "-1"]
[BlackFideId "-1"]
[PlyCount "58"]
[GameId "2095107464140001"]
[EventDate "2025.??.??"]
[EventType "team-tourn"]
[EventRounds "9"]
[EventCountry "GER"]
[SourceTitle "Verband Muensterland"]
[SourceDate "2026.01.17"]
[SourceVersion "1"]
[SourceVersionDate "2026.01.17"]
[SourceQuality "1"]
[WhiteTeam "Telgte"]
[BlackTeam "Olfen"]
[WhiteTeamCountry "GER"]
[BlackTeamCountry "GER"]

1. d4 e6 2. c4 Nf6 3. Nf3 c5 4. d5 exd5 5. cxd5 d6 6. Nc3 g6 7. e4 Bg7 8. Bd3 O-O 9. O-O Bg4 10. h3 Bxf3 11. Qxf3 Nbd7 12. Bf4 Qe7 13. Qe2 a6 14. a4 Nh5 15. Bh2 Ne5 16. Bc2 Qh4 17. Rab1 g5 18. Nd1 Nf4 19. Bxf4 gxf4 20. f3 Ng6 21. Qe1 Bd4+ 22. Kh2 Qg5 23. Nc3 Be5 24. Bd3 Nh4 25. Qe2 Kh8 26. Rbd1 Rg8 27. Rg1 Bd4 28. Qc2 Bxg1+ 29. Rxg1 Nxf3+ 0-1

[Event "Muensterland Verbandsklasse 2526"]
[Site "Germany"]
[Date "2025.09.13"]
[Round "1"]
[Board "7"]
[White "Hof, Frank"]
[Black "Kuhlenbaeumer, Alfred"]
[Result "1/2-1/2"]
[WhiteElo "1520"]
[BlackElo "1781"]
[WhiteFideId "-1"]
[BlackFideId "-1"]
[PlyCount "97"]
[GameId "2095107553645802"]
[EventDate "2025.??.??"]
[EventType "team-tourn"]
[EventRounds "9"]
[EventCountry "GER"]
[SourceTitle "Verband Muensterland"]
[SourceDate "2026.01.17"]
[SourceVersion "1"]
[SourceVersionDate "2026.01.17"]
[SourceQuality "1"]
[WhiteTeam "Olfen"]
[BlackTeam "Telgte"]
[WhiteTeamCountry "GER"]
[BlackTeamCountry "GER"]

1. e4 e5 2. Nf3 Nf6 3. Nc3 Nc6 4. Bc4 Be7 5. d4 exd4 6. Nxd4 d6 7. O-O O-O 8. f4 a6 9. Nxc6 bxc6 10. h3 Be6 11. Bd3 Ne8 12. f5 Bd7 13. Bf4 Bf6 14. Qd2 Qb8 15. Rab1 Qb6+ 16. Kh1 Qa5 17. Rfe1 Be5 18. a3 Nf6 19. Bxe5 Qxe5 20. Qe2 a5 21. Qf3 Rab8 22. g4 Rfc8 23. g5 Ne8 24. Rf1 Rd8 25. Rg1 g6 26. Rbf1 gxf5 27. exf5 d5 28. g6 hxg6 29. fxg6 f5 30. Qh5 Qg7 31. Bxf5 Nd6 32. Qh7+ Qxh7 33. gxh7+ Kh8 34. Bd3 Bxh3 35. Rf3 Bd7 36. b3 Rf8 37. Rgf1 Rxf3 38. Rxf3 Rd8 39. Kh2 Re8 40. Rf4 Kg7 41. Kg3 Re3+ 42. Kf2 Rh3 43. Rf3 Rxf3+ 44. Kxf3 Bf5 45. Ke3 Kxh7 46. Kd4 Kg7 47. Bxf5 Nxf5+ 48. Kc5 Ne7 49. Ne2 1/2-1/2

[Event "Muensterland Verbandsklasse 2526"]
[Site "Germany"]
[Date "2025.09.13"]
[Round "1"]
[Board "8"]
[White "Uekoetter, Klemens"]
[Black "Huening, Matthias"]
[Result "1-0"]
[WhiteElo "1478"]
[BlackElo "1435"]
[WhiteFideId "-1"]
[BlackFideId "-1"]
[PlyCount "49"]
[GameId "2095107615425779"]
[EventDate "2025.??.??"]
[EventType "team-tourn"]
[EventRounds "9"]
[EventCountry "GER"]
[SourceTitle "Verband Muensterland"]
[SourceDate "2026.01.17"]
[SourceVersion "1"]
[SourceVersionDate "2026.01.17"]
[SourceQuality "1"]
[WhiteTeam "Telgte"]
[BlackTeam "Olfen"]
[WhiteTeamCountry "GER"]
[BlackTeamCountry "GER"]

1. e4 e5 2. Bc4 Bc5 3. Nf3 d6 4. O-O Bg4 5. c3 Nc6 6. b4 Bb6 7. a4 a5 8. b5 Nce7 9. Bxf7+ Kd7 10. Nxe5+ Kc8 11. Qxg4+ Kb8 12. Nd7+ Ka7 13. Nxb6 cxb6 14. Qxg7 Qf8 15. Qxh8 Qxf7 16. Qd4 Qe6 17. Na3 Rc8 18. d3 Nf6 19. Nc4 Nd7 20. Nxa5 Nc5 21. Nc4 Rc7 22. a5 Rd7 23. axb6+ Kb8 24. Bf4 Nc8 25. Qxc5 1-0

[Event "Muensterland Verbandsklasse 2526"]
[Site "Germany"]
[Date "2025.09.13"]
[Round "1"]
[Board "1"]
[White "Huelsmann, Josef"]
[Black "Hoffmann, Nico"]
[Result "1-0"]
[WhiteElo "2011"]
[BlackElo "1866"]
[WhiteFideId "-1"]
[BlackFideId "-1"]
[PlyCount "91"]
[GameId "2227782978691072"]
[EventDate "2025.??.??"]
[EventType "team-tourn"]
[EventRounds "9"]
[EventCountry "GER"]
[SourceTitle "Verband Muensterland"]
[SourceDate "2026.01.17"]
[SourceVersion "1"]
[SourceVersionDate "2026.01.17"]
[SourceQuality "1"]
[WhiteTeam "Nordwalde"]
[BlackTeam "Drensteinfurt"]
[WhiteTeamCountry "GER"]
[BlackTeamCountry "GER"]

1. d4 d5 2. Nf3 Nf6 3. c4 e6 4. g3 Bd6 5. Bg2 O-O 6. Nbd2 Nc6 7. O-O Re8 8. Qc2 e5 9. dxe5 Bxe5 10. Nxe5 Nxe5 11. cxd5 Nxd5 12. Nf3 Nxf3+ 13. Bxf3 Be6 14. Bd2 Qe7 15. Rac1 c6 16. a3 Rad8 17. e4 Nb6 18. Ba5 Rd7 19. Rfd1 Red8 20. Rxd7 Rxd7 21. Be2 Qd8 22. Rd1 Rxd1+ 23. Bxd1 Qd7 24. Be2 Bg4 25. Bxg4 Qxg4 26. Kg2 Qe6 27. Qd3 Qd7 28. Qe3 Nc8 29. Bc3 h6 30. h4 b6 31. Qf4 c5 32. h5 Ne7 33. Qb8+ Kh7 34. Qf8 f6 35. Qf7 Qd6 36. f4 b5 37. Kh2 Ng8 38. Qxa7 Qd1 39. Qxc5 Qe2+ 40. Kg1 Qxe4 41. Qxb5 Qe3+ 42. Kg2 Ne7 43. Qf1 f5 44. Qe1 Qc5 45. Qe5 Qc6+ 46. Kh2 1-0

[Event "Muensterland Verbandsklasse 2526"]
[Site "Germany"]
[Date "2025.09.13"]
[Round "1"]
[Board "2"]
[White "Prokscha, Maurice"]
[Black "Lerke, Bernd"]
[Result "1/2-1/2"]
[WhiteElo "1781"]
[BlackElo "1869"]
[WhiteFideId "-1"]
[BlackFideId "-1"]
[PlyCount "70"]
[GameId "2227783465230336"]
[EventDate "2025.??.??"]
[EventType "team-tourn"]
[EventRounds "9"]
[EventCountry "GER"]
[SourceTitle "Verband Muensterland"]
[SourceDate "2026.01.17"]
[SourceVersion "1"]
[SourceVersionDate "2026.01.17"]
[SourceQuality "1"]
[WhiteTeam "Drensteinfurt"]
[BlackTeam "Nordwalde"]
[WhiteTeamCountry "GER"]
[BlackTeamCountry "GER"]

1. d4 Nf6 2. c4 e6 3. Nc3 Bb4 4. Qc2 d5 5. e3 O-O 6. Nf3 c5 7. a3 Bxc3+ 8. bxc3 cxd4 9. cxd4 b6 10. a4 Ba6 11. Ba3 Re8 12. Ne5 Qc7 13. Rc1 Nbd7 14. cxd5 Qxc2 15. Rxc2 Bxf1 16. Nxd7 Bd3 17. Nxf6+ gxf6 18. Rc3 Bf5 19. d6 e5 20. dxe5 fxe5 21. O-O Bd7 22. a5 f6 23. Rc7 Red8 24. Rb1 Kf7 25. Rc3 bxa5 26. Rb7 Ke6 27. e4 Rdb8 28. Rcc7 Rxb7 29. Rxb7 a4 30. g3 a6 31. f4 exf4 32. gxf4 Rd8 33. Ra7 f5 34. e5 Rb8 35. Rxa6 Rb3 1/2-1/2

[Event "Muensterland Verbandsklasse 2526"]
[Site "Germany"]
[Date "2025.09.13"]
[Round "1"]
[Board "3"]
[White "Hols, Bernhard"]
[Black "Berkhoff, Tim Henrik"]
[Result "1-0"]
[WhiteElo "1792"]
[BlackElo "1790"]
[WhiteFideId "-1"]
[BlackFideId "-1"]
[PlyCount "43"]
[GameId "2227783041605632"]
[EventDate "2025.??.??"]
[EventType "team-tourn"]
[EventRounds "9"]
[EventCountry "GER"]
[SourceTitle "Verband Muensterland"]
[SourceDate "2026.01.17"]
[SourceVersion "1"]
[SourceVersionDate "2026.01.17"]
[SourceQuality "1"]
[WhiteTeam "Nordwalde"]
[BlackTeam "Drensteinfurt"]
[WhiteTeamCountry "GER"]
[BlackTeamCountry "GER"]

1. c4 Nf6 2. Nc3 e6 3. g3 Be7 4. Bg2 O-O 5. e4 d5 6. exd5 exd5 7. Nxd5 Nxd5 8. cxd5 Re8 9. Ne2 Bg4 10. O-O Bc5 11. Re1 Nd7 12. d4 Bxe2 13. Rxe2 Rxe2 14. Qxe2 Bxd4 15. Bf4 Nf6 16. Rd1 Bc5 17. Qb5 Bb6 18. Bf3 h6 19. a4 a6 20. Qb4 Ba7 21. Qxb7 Ne8 22. d6 1-0

[Event "Muensterland Verbandsklasse 2526"]
[Site "Germany"]
[Date "2025.09.13"]
[Round "1"]
[Board "4"]
[White "Saphoerster, Arne"]
[Black "Sandmann, Matthias"]
[Result "0-1"]
[WhiteElo "1705"]
[BlackElo "1766"]
[WhiteFideId "-1"]
[BlackFideId "-1"]
[PlyCount "67"]
[GameId "2227783112908800"]
[EventDate "2025.??.??"]
[EventType "team-tourn"]
[EventRounds "9"]
[EventCountry "GER"]
[SourceTitle "Verband Muensterland"]
[SourceDate "2026.01.17"]
[SourceVersion "1"]
[SourceVersionDate "2026.01.17"]
[SourceQuality "1"]
[WhiteTeam "Drensteinfurt"]
[BlackTeam "Nordwalde"]
[WhiteTeamCountry "GER"]
[BlackTeamCountry "GER"]

1. d4 d5 2. c4 e6 3. Nf3 dxc4 4. g3 c5 5. Na3 cxd4 6. Qxd4 Qxd4 7. Nxd4 Bxa3 8. bxa3 Bd7 9. Bg2 Bc6 10. Nxc6 Nxc6 11. Bb2 Nf6 12. Rc1 Rc8 13. Rxc4 O-O 14. O-O Na5 15. Rc3 Rfd8 16. Rfc1 Rxc3 17. Bxc3 Rc8 18. Rd1 b6 19. Bb2 h6 20. h3 Kf8 21. Bxf6 gxf6 22. Be4 Ke7 23. Bd3 Rc5 24. a4 Nc4 25. Rc1 Nb2 26. Rxc5 bxc5 27. Bc2 c4 28. Kg2 Kd6 29. Kf3 Kc5 30. Kg4 Kd4 31. Kh5 Kc3 32. Bb1 Nd1 33. Kxh6 Kb2 34. Bd3 0-1

[Event "Muensterland Verbandsklasse 2526"]
[Site "Germany"]
[Date "2025.09.13"]
[Round "1"]
[Board "5"]
[White "Szych, Lothar"]
[Black "Walter, Kiara Laurien"]
[Result "0-1"]
[WhiteElo "1526"]
[BlackElo "1690"]
[WhiteFideId "-1"]
[BlackFideId "-1"]
[PlyCount "48"]
[GameId "2227783393927168"]
[EventDate "2025.??.??"]
[EventType "team-tourn"]
[EventRounds "9"]
[EventCountry "GER"]
[SourceTitle "Verband Muensterland"]
[SourceDate "2026.01.17"]
[SourceVersion "1"]
[SourceVersionDate "2026.01.17"]
[SourceQuality "1"]
[WhiteTeam "Nordwalde"]
[BlackTeam "Drensteinfurt"]
[WhiteTeamCountry "GER"]
[BlackTeamCountry "GER"]

1. b4 e5 2. Bb2 Bxb4 3. Bxe5 Nf6 4. e3 Nc6 5. Bb2 O-O 6. Nf3 d5 7. Be2 Be6 8. O-O Bd6 9. Nd4 Nxd4 10. Bxd4 c5 11. Bb2 a6 12. f4 Qd7 13. Rf3 d4 14. exd4 Bd5 15. Rf1 Bc6 16. d3 Nd5 17. Bc1 cxd4 18. g3 Rae8 19. Bf3 Ne3 20. Bxc6 Qxc6 21. Bxe3 dxe3 22. Qe2 Bc5 23. a4 Rd8 24. c3 Rxd3 0-1

[Event "Muensterland Verbandsklasse 2526"]
[Site "Germany"]
[Date "2025.09.13"]
[Round "1"]
[Board "6"]
[White "Walter, Kiron"]
[Black "Schmalbrock, Andreas"]
[Result "0-1"]
[WhiteElo "1566"]
[BlackElo "1386"]
[WhiteFideId "-1"]
[BlackFideId "-1"]
[PlyCount "64"]
[GameId "2227783268098048"]
[EventDate "2025.??.??"]
[EventType "team-tourn"]
[EventRounds "9"]
[EventCountry "GER"]
[SourceTitle "Verband Muensterland"]
[SourceDate "2026.01.17"]
[SourceVersion "1"]
[SourceVersionDate "2026.01.17"]
[SourceQuality "1"]
[WhiteTeam "Drensteinfurt"]
[BlackTeam "Nordwalde"]
[WhiteTeamCountry "GER"]
[BlackTeamCountry "GER"]

1. e4 e5 2. Nf3 Nc6 3. Bc4 Bc5 4. c3 Qf6 5. b4 Bb6 6. d3 h6 7. a4 a6 8. Bb2 Nge7 9. a5 Ba7 10. d4 exd4 11. cxd4 Qd6 12. Bc3 Qg6 13. Nbd2 d6 14. O-O O-O 15. Be2 Bg4 16. d5 Nb8 17. Nh4 Qg5 18. Bxg4 Qxh4 19. Nf3 Qxg4 20. Ra3 Ng6 21. Qa1 Nf4 22. Nh4 f6 23. Bd2 Ne2+ 24. Kh1 Qxh4 25. Rh3 Qxe4 26. Qb2 Bd4 27. Qb3 Nd7 28. Re1 Rae8 29. f3 Qg6 30. Rxe2 Rxe2 31. Rg3 Qe8 32. Qd1 Bf2 0-1

[Event "Muensterland Verbandsklasse 2526"]
[Site "Germany"]
[Date "2025.09.13"]
[Round "1"]
[Board "7"]
[White "Holstegge, Ludger"]
[Black "Tillkorn, Daniel"]
[Result "1/2-1/2"]
[WhiteElo "1712"]
[BlackElo "1667"]
[WhiteFideId "-1"]
[BlackFideId "-1"]
[PlyCount "25"]
[GameId "2227779988152320"]
[EventDate "2025.??.??"]
[EventType "team-tourn"]
[EventRounds "9"]
[EventCountry "GER"]
[SourceTitle "Verband Muensterland"]
[SourceDate "2026.01.17"]
[SourceVersion "1"]
[SourceVersionDate "2026.01.17"]
[SourceQuality "1"]
[WhiteTeam "Nordwalde"]
[BlackTeam "Drensteinfurt"]
[WhiteTeamCountry "GER"]
[BlackTeamCountry "GER"]

1. c4 e5 2. Nc3 Nf6 3. g3 Be7 4. Bg2 O-O 5. Nf3 d6 6. d3 c6 7. O-O Bg4 8. h3 Bc8 9. Bd2 Qc7 10. Rc1 Nbd7 11. a3 Re8 12. Qc2 Nf8 13. Kh2 1/2-1/2

[Event "Muensterland Verbandsklasse 2526"]
[Site "Germany"]
[Date "2025.09.13"]
[Round "1"]
[Board "8"]
[White "Van Elten, Kilian"]
[Black "Overesch, Dieter"]
[Result "1/2-1/2"]
[WhiteElo "1646"]
[BlackElo "1658"]
[WhiteFideId "-1"]
[BlackFideId "-1"]
[PlyCount "59"]
[GameId "2227783574282240"]
[EventDate "2025.??.??"]
[EventType "team-tourn"]
[EventRounds "9"]
[EventCountry "GER"]
[SourceTitle "Verband Muensterland"]
[SourceDate "2026.01.17"]
[SourceVersion "1"]
[SourceVersionDate "2026.01.17"]
[SourceQuality "1"]
[WhiteTeam "Drensteinfurt"]
[BlackTeam "Nordwalde"]
[WhiteTeamCountry "GER"]
[BlackTeamCountry "GER"]

1. d4 d6 2. Nc3 e5 3. dxe5 dxe5 4. Qxd8+ Kxd8 5. e4 Be6 6. Be3 c6 7. O-O-O+ Nd7 8. f4 exf4 9. Bxf4 Kc8 10. a3 Ngf6 11. Be2 Ng4 12. Bxg4 Bxg4 13. Nf3 Be7 14. Rd2 Re8 15. h3 Be6 16. Rhd1 Nb6 17. Nd4 Nc4 18. Nxe6 fxe6 19. Rd3 e5 20. Bh2 Bg5+ 21. Kb1 Nb6 22. a4 a5 23. Bg1 Kc7 24. Bxb6+ Kxb6 25. Rd7 Re7 26. R1d6 Rxd7 27. Rxd7 Bf6 28. Nd1 Rd8 29. Rxd8 Bxd8 30. Ne3 1/2-1/2

[Event "Muensterland Verbandsklasse 2526"]
[Site "Germany"]
[Date "2025.09.13"]
[Round "1"]
[Board "1"]
[White "Raus, Michael"]
[Black "Welling, Konrad"]
[Result "1-0"]
[WhiteElo "1702"]
[BlackElo "1835"]
[WhiteFideId "-1"]
[BlackFideId "-1"]
[PlyCount "37"]
[GameId "2095106920076468"]
[EventDate "2025.??.??"]
[EventType "team-tourn"]
[EventRounds "9"]
[EventCountry "GER"]
[SourceTitle "Verband Muensterland"]
[SourceDate "2026.01.17"]
[SourceVersion "1"]
[SourceVersionDate "2026.01.17"]
[SourceQuality "1"]
[WhiteTeam "Steinfurt II"]
[BlackTeam "Bocholt II"]
[WhiteTeamCountry "GER"]
[BlackTeamCountry "GER"]

1. e4 e6 2. d4 d5 3. exd5 exd5 4. Bd3 Nc6 5. c3 Bd6 6. Nf3 Bg4 7. O-O Nge7 8. Re1 Qd7 9. Nbd2 O-O-O 10. Qc2 f6 11. b4 Bf5 12. a4 g5 13. Nb3 Bxd3 14. Qxd3 Nf5 15. b5 Nce7 16. Nc5 Bxc5 17. dxc5 Ng6 18. c6 bxc6 19. bxc6 1-0

[Event "Muensterland Verbandsklasse 2526"]
[Site "Germany"]
[Date "2025.09.13"]
[Round "1"]
[Board "2"]
[White "Harbring, Thorben"]
[Black "Terhorst, Timo"]
[Result "1/2-1/2"]
[WhiteElo "1743"]
[BlackElo "1644"]
[WhiteFideId "-1"]
[BlackFideId "-1"]
[PlyCount "57"]
[GameId "2095107169440957"]
[EventDate "2025.??.??"]
[EventType "team-tourn"]
[EventRounds "9"]
[EventCountry "GER"]
[SourceTitle "Verband Muensterland"]
[SourceDate "2026.01.17"]
[SourceVersion "1"]
[SourceVersionDate "2026.01.17"]
[SourceQuality "1"]
[WhiteTeam "Bocholt II"]
[BlackTeam "Steinfurt II"]
[WhiteTeamCountry "GER"]
[BlackTeamCountry "GER"]

1. f4 Nf6 2. Nf3 g6 3. b3 Bg7 4. Bb2 O-O 5. e3 d5 6. Be2 Bg4 7. Ne5 Bxe2 8. Qxe2 Nbd7 9. d3 Nxe5 10. Bxe5 Nd7 11. Bxg7 Kxg7 12. Nd2 e5 13. O-O f5 14. Nf3 Qe7 15. Rae1 e4 16. Nd2 Rae8 17. d4 Ra8 18. Nb1 c5 19. Qd2 Rf6 20. Rc1 b6 21. Rfd1 c4 22. b4 b5 23. a3 Nb6 24. Nc3 a6 25. Ra1 Rd8 26. Ra2 h6 27. Qf2 g5 28. Rf1 Rdf8 29. Raa1 1/2-1/2

[Event "Muensterland Verbandsklasse 2526"]
[Site "Germany"]
[Date "2025.09.13"]
[Round "1"]
[Board "3"]
[White "Schmitz, Carolin"]
[Black "Harbring, Morten"]
[Result "1/2-1/2"]
[WhiteElo "1616"]
[BlackElo "1535"]
[WhiteFideId "-1"]
[BlackFideId "-1"]
[PlyCount "138"]
[GameId "2095107233178822"]
[EventDate "2025.??.??"]
[EventType "team-tourn"]
[EventRounds "9"]
[EventCountry "GER"]
[SourceTitle "Verband Muensterland"]
[SourceDate "2026.01.17"]
[SourceVersion "1"]
[SourceVersionDate "2026.01.17"]
[SourceQuality "1"]
[WhiteTeam "Steinfurt II"]
[BlackTeam "Bocholt II"]
[WhiteTeamCountry "GER"]
[BlackTeamCountry "GER"]

1. e4 e5 2. Nf3 Nc6 3. Bc4 Bc5 4. O-O d6 5. c3 Bg4 6. d3 h6 7. Be3 Bb6 8. Nbd2 Nf6 9. Qc2 O-O 10. Bb5 Be6 11. Bxb6 axb6 12. d4 exd4 13. cxd4 Bd7 14. a3 Re8 15. Rfe1 Re7 16. h3 Ra5 17. Bd3 Ra8 18. Rac1 Rc8 19. Bc4 Nh5 20. e5 dxe5 21. dxe5 Be6 22. Bb5 Nd4 23. Nxd4 Qxd4 24. Re4 Qd5 25. Bc4 Qd7 26. Rh4 g6 27. g4 Nf4 28. Bxe6 Qxe6 29. Rxh6 Ne2+ 30. Kg2 Nxc1 31. Qxc1 Qxe5 32. Nf3 Qc5 33. Qf4 Kg7 34. g5 Qd6 35. Qh4 Ree8 36. Rh7+ Kf8 37. Qc4 Qe6 38. Qf4 Qf5 39. Qb4+ Kg8 40. Rh4 Rcd8 41. Qc3 Kf8 42. Qxc7 Rd7 43. Qxb6 Rde7 44. Qd4 Re6 45. Qb4+ Kg8 46. Qxb7 Re4 47. Rh6 Rf4 48. Qc6 Rf8 49. Qc3 f6 50. Qb3+ Kg7 51. Qb7+ Rf7 52. Qb8 Rf8 53. Qc7+ Rf7 54. Rh7+ Kxh7 55. Qxf7+ Kh8 56. gxf6 Qxf6 57. Qe8+ Kg7 58. Qe2 Rf5 59. a4 Qb6 60. Qc2 Qb7 61. Qc3+ Kh7 62. b3 Rg5+ 63. Kf1 Qa6+ 64. Ke1 Qe6+ 65. Kd2 Qd6+ 66. Ke1 Qe6+ 67. Kd2 Qd6+ 68. Ke1 Qe6+ 69. Kd2 Qd6+ 1/2-1/2

[Event "Muensterland Verbandsklasse 2526"]
[Site "Germany"]
[Date "2025.09.13"]
[Round "1"]
[Board "4"]
[White "Mager, Helmut"]
[Black "Raus, Christina"]
[Result "1-0"]
[WhiteElo "1515"]
[BlackElo "1557"]
[WhiteFideId "-1"]
[BlackFideId "-1"]
[PlyCount "113"]
[GameId "2095107319190735"]
[EventDate "2025.??.??"]
[EventType "team-tourn"]
[EventRounds "9"]
[EventCountry "GER"]
[SourceTitle "Verband Muensterland"]
[SourceDate "2026.01.17"]
[SourceVersion "1"]
[SourceVersionDate "2026.01.17"]
[SourceQuality "1"]
[WhiteTeam "Bocholt II"]
[BlackTeam "Steinfurt II"]
[WhiteTeamCountry "GER"]
[BlackTeamCountry "GER"]

1. d4 d5 2. c4 e6 3. Nc3 Nf6 4. Bf4 Bd6 5. Bg3 O-O 6. e3 b6 7. Nf3 Bb7 8. cxd5 Nxd5 9. Be2 Bxg3 10. hxg3 Nd7 11. Qc2 N7f6 12. O-O Rc8 13. Rac1 c5 14. Rfd1 Qe7 15. a3 cxd4 16. Nxd4 Nxc3 17. bxc3 Qxa3 18. Nb5 Qc5 19. Nxa7 Rcd8 20. c4 Rxd1+ 21. Rxd1 Ra8 22. Nb5 Bc6 23. Qb2 h6 24. Nd4 Bb7 25. Rb1 Nd7 26. Qc3 Ra3 27. Nb3 Qc7 28. Qb4 Ra7 29. Qe7 Bc6 30. Nd4 Ne5 31. Nxc6 Nxc6 32. Qxc7 Rxc7 33. Rxb6 Ne5 34. Rb4 Kf8 35. f4 Nc6 36. Rb5 Ke7 37. Kf2 Na7 38. Rb6 Nc8 39. Rb4 Kd6 40. Rb5 Na7 41. Ra5 Nc8 42. e4 f6 43. e5+ Ke7 44. Ke3 Nb6 45. Kd4 Nd7 46. Rb5 Kf7 47. Bf3 Kg6 48. Rb7 Rxb7 49. Bxb7 fxe5+ 50. fxe5 Kf5 51. Be4+ Kg4 52. c5 Kxg3 53. c6 Nb6 54. Kc5 Nc8 55. c7 Kf4 56. Bb7 Ne7 57. Kd6 1-0

[Event "Muensterland Verbandsklasse 2526"]
[Site "Germany"]
[Date "2025.09.13"]
[Round "1"]
[Board "6"]
[White "Larrass, Ingolf"]
[Black "Kroeger, Ralf"]
[Result "1-0"]
[WhiteElo "1611"]
[BlackElo "1453"]
[WhiteFideId "-1"]
[BlackFideId "-1"]
[PlyCount "55"]
[GameId "2095107464140001"]
[EventDate "2025.??.??"]
[EventType "team-tourn"]
[EventRounds "9"]
[EventCountry "GER"]
[SourceTitle "Verband Muensterland"]
[SourceDate "2026.01.17"]
[SourceVersion "1"]
[SourceVersionDate "2026.01.17"]
[SourceQuality "1"]
[WhiteTeam "Bocholt II"]
[BlackTeam "Steinfurt II"]
[WhiteTeamCountry "GER"]
[BlackTeamCountry "GER"]

1. Nf3 d5 2. d4 Nc6 3. g3 Nf6 4. Bg2 Bf5 5. O-O e6 6. a3 Be7 7. Nbd2 O-O 8. c4 Qd7 9. b4 dxc4 10. Nxc4 Rad8 11. Bb2 Nd5 12. e4 Bxe4 13. Nfe5 Nxe5 14. Nxe5 Qb5 15. Bxe4 c6 16. Bd3 Qb6 17. Nc4 Qc7 18. Rc1 Bf6 19. Qc2 Ne7 20. Ne5 g6 21. b5 Qb6 22. bxc6 Nxc6 23. Nxc6 bxc6 24. Rfd1 Rc8 25. Rb1 Bxd4 26. Bxd4 Qxd4 27. Bxg6 Qg7 28. Be4 1-0

[Event "Muensterland Verbandsklasse 2526"]
[Site "Germany"]
[Date "2025.09.13"]
[Round "1"]
[Board "7"]
[White "Uhlenbrock, Dirk"]
[Black "Gross Hardt, Jaime Josef"]
[Result "1-0"]
[WhiteElo "1404"]
[BlackElo "1402"]
[WhiteFideId "-1"]
[BlackFideId "-1"]
[PlyCount "57"]
[GameId "2095107553645802"]
[EventDate "2025.??.??"]
[EventType "team-tourn"]
[EventRounds "9"]
[EventCountry "GER"]
[SourceTitle "Verband Muensterland"]
[SourceDate "2026.01.17"]
[SourceVersion "1"]
[SourceVersionDate "2026.01.17"]
[SourceQuality "1"]
[WhiteTeam "Steinfurt II"]
[BlackTeam "Bocholt II"]
[WhiteTeamCountry "GER"]
[BlackTeamCountry "GER"]

1. e4 e5 2. Nc3 Bc5 3. d3 Nc6 4. f4 exf4 5. Bxf4 Qf6 6. Nd5 Qd8 7. Nxc7+ Kf8 8. Nxa8 d6 9. Qd2 Bg4 10. Nf3 Qxa8 11. h3 Be6 12. Ng5 Qe8 13. a3 d5 14. O-O-O h6 15. Nxe6+ Qxe6 16. exd5 Qxd5 17. Kb1 Nge7 18. Be3 Nd4 19. Bxd4 Qxd4 20. c3 Qa4 21. d4 Bd6 22. Bd3 g6 23. Rhf1 Kg7 24. Qf2 f5 25. g4 Rf8 26. Qc2 Qd7 27. gxf5 Nxf5 28. Bxf5 Rxf5 29. Rxf5 1-0